LIBRARY & INFORMATION CENTRE, KCAET, TAVANUR

ONLINE PUBLIC ACCESS CATALOGUE (OPAC)

Elementary reinforced concrete / (Record no. 88)

MARC details
000 -LEADER
fixed length control field 00380cam a2200157ua 4500
003 - CONTROL NUMBER IDENTIFIER
control field OSt
008 - FIXED-LENGTH DATA ELEMENTS--GENERAL INFORMATION
fixed length control field 250707b |||||||| |||| 00| 0 eng d
041 ## - LANGUAGE CODE
Language code of text/sound track or separate title eng
082 ## - DEWEY DECIMAL CLASSIFICATION NUMBER
Classification number 624.18341
Item number SHA/EL
100 ## - MAIN ENTRY--AUTHOR NAME
Personal name Shah, H J .
245 ## - TITLE STATEMENT
Title Elementary reinforced concrete /
250 ## - EDITION STATEMENT
Edition statement 1 /
260 ## - PUBLICATION, DISTRIBUTION, ETC. (IMPRINT)
Place of publication New Delhi :
Name of publisher Charotar book stall ,
Year of publication 1996.
300 ## - PHYSICAL DESCRIPTION
Number of Pages 732 ; .
942 ## - ADDED ENTRY ELEMENTS (KOHA)
Koha item type Books
Holdings
Withdrawn status Lost status Damaged status Home library Current library Date acquired Full call number Accession Number Koha item type
      KAUAET KAUAET 07/04/2012 624.18341 SHA/EL 19291 Books
Withdrawn   Damaged KAUAET KAUAET 07/04/2012 624.18341 19312 Books
free website counter